[Event "46th Rilton Cup 2016-17"]
[Site "Stockholm SWE"]
[Date "2017.01.05"]
[Round "9.37"]
[White "Betaneli, Alexander"]
[Black "Storme, Isak"]
[Result "1-0"]
[WhiteTitle "FM"]
[WhiteElo "2252"]
[BlackElo "2152"]
[WhiteFideId "2012359"]
[BlackFideId "1728113"]
[EventDate "2016.12.27"]

1. c4 e5 2. g3 Nf6 3. Bg2 c6 4. Nf3 e4 5. Nd4 d5 6. cxd5 Qxd5 7. Nc2 Qh5 8. h3
Qg6 9. Nc3 Bc5 10. d4 exd3 11. Qxd3 Qxd3 12. exd3 Be6 13. b4 Bb6 14. Be3 Kd7 15.
O-O Na6 16. b5 Nc7 17. bxc6+ bxc6 18. Ne4 Ncd5 19. Nc5+ Kd6 20. Nxe6 fxe6 21.
Bd2 Bc5 22. Rac1 Rab8 23. d4 Bb6 24. Nb4 Bxd4 25. Nxc6 Rb2 26. Bf4+ Nxf4 27.
gxf4 Bb6 28. Ne5 Rf8 29. Nc4+ 1-0

[Event "46th Rilton Cup 2016-17"]
[Site "Stockholm SWE"]
[Date "2017.01.05"]
[Round "9.39"]
[White "Santarius, Erik F"]
[Black "Lahlum, Hans Olav"]
[Result "1/2-1/2"]
[WhiteElo "2312"]
[BlackElo "2145"]
[WhiteFideId "2025817"]
[BlackFideId "1501348"]
[EventDate "2016.12.27"]

1. e4 e6 2. d4 d5 3. exd5 exd5 4. Nf3 Bd6 5. Bd3 Ne7 6. O-O O-O 7. Nc3 c6 8. Re1
Bf5 9. Bxf5 Nxf5 10. Ne2 Nd7 11. Bf4 Qc7 12. Qd3 g6 13. Bxd6 Qxd6 14. Qb3 b6 15.
Ng3 Nxg3 16. hxg3 Rae8 17. c3 Kg7 18. Qc2 Nf6 19. Nd2 Qd7 20. Nf3 Qd6 21. Nd2
Qd7 22. Nf3 Qd6 23. Nd2 1/2-1/2

[Event "46th Rilton Cup 2016-17"]
[Site "Stockholm SWE"]
[Date "2017.01.05"]
[Round "9.40"]
[White "Berglind, Axel"]
[Black "Bergstrom, Rolf"]
[Result "1/2-1/2"]
[BlackTitle "FM"]
[WhiteElo "2043"]
[BlackElo "2290"]
[WhiteFideId "1720228"]
[BlackFideId "1702386"]
[EventDate "2016.12.27"]

1. d4 Nf6 2. Bg5 e6 3. e4 h6 4. Bxf6 Qxf6 5. Nf3 d6 6. e5 Qd8 7. Nc3 Nd7 8. Bd3
b6 9. O-O Bb7 10. Re1 dxe5 11. Nxe5 Nxe5 12. dxe5 a6 13. Qg4 Qg5 14. Qa4+ c6 15.
f4 Qe7 16. Ne4 Qb4 17. Qxb4 Bxb4 18. c3 Be7 19. f5 O-O-O 20. Rad1 b5 21. fxe6
fxe6 22. Be2 Rd5 23. Bg4 Rxe5 24. Ng3 Rxe1+ 25. Rxe1 Bc5+ 26. Kh1 Kc7 27. Nh5 g5
28. Ng7 Bc8 29. Nxe6+ Kb6 30. Nxc5 Kxc5 31. Bxc8 Rxc8 32. Re6 a5 33. Rxh6 Kc4
34. Rd6 c5 35. Kg1 Rf8 36. Rc6 Rd8 37. b3+ Kxc3 38. Rxc5+ Kb4 39. Rc2 Rd1+ 40.
Kf2 Ra1 41. Kg3 Ka3 42. Rc5 Kb4 43. Rxg5 Rxa2 44. h4 Rb2 45. h5 Rxb3+ 46. Kh2
Rc3 47. Rg4+ Ka3 48. h6 Rc8 49. Rg3+ Ka4 50. Rg6 b4 51. Rb6 b3 52. g4 Ka3 53. g5
Rc2+ 54. Kg3 Rc3+ 55. Kg4 Rc4+ 56. Kh5 Rb4 57. h7 b2 58. h8=Q b1=Q 59. Qf6 Ka4
60. Rxb4+ axb4 61. Qc6+ Ka3 62. Qa6+ Kb2 63. Qf6+ Ka3 64. Qf3+ b3 65. g6 Qb2 66.
Qa8+ Kb4 67. Qb7+ Ka3 68. g7 Qe5+ 69. Kg6 Qe6+ 70. Kh7 Qf5+ 71. Kh8 Qh5+ 72. Kg8
Qe8+ 73. Kh7 1/2-1/2

[Event "46th Rilton Cup 2016-17"]
[Site "Stockholm SWE"]
[Date "2017.01.05"]
[Round "9.41"]
[White "Narva, Mai"]
[Black "Glimbrant, Torbjorn"]
[Result "0-1"]
[WhiteTitle "WIM"]
[WhiteElo "2218"]
[BlackElo "2228"]
[WhiteFideId "4500512"]
[BlackFideId "1700995"]
[EventDate "2016.12.27"]

1. e4 e6 2. d4 d5 3. e5 c5 4. c3 Nc6 5. Nf3 Qb6 6. a3 c4 7. Nbd2 Na5 8. Rb1 Bd7
9. Be2 Ne7 10. O-O h6 11. Qe1 Ba4 12. Bd1 Bxd1 13. Qxd1 Nec6 14. b3 cxb3 15.
Nxb3 Nxb3 16. Rxb3 Qc7 17. Be3 Be7 18. Qd3 b6 19. a4 Na5 20. Rbb1 Qc6 21. Ra1
Rc8 22. Nd2 Qxc3 23. Qa6 Qc7 24. Rfc1 Qxc1+ 25. Rxc1 Rxc1+ 26. Nf1 Rc7 27. Bd2
O-O 28. Bxa5 bxa5 29. Qxa5 Rfc8 30. g3 Bf8 31. Ne3 Rb7 32. Kg2 Bb4 33. Qa6 Rbc7
34. Qb5 a5 35. Qb6 h5 36. Kf3 Rc6 37. Qa7 R6c7 38. Qb6 g6 39. g4 hxg4+ 40. Kxg4
Rc6 41. Qb5 Kg7 42. h4 Rc1 43. Qd7 R1c7 44. Qb5 Bd2 45. h5 gxh5+ 46. Kxh5 Bxe3
47. fxe3 Rc3 48. Qf1 Rh8+ 49. Kg5 Rh6 50. Kf4 Ra3 51. Qb5 Rh4+ 52. Kg5 Re4 53.
Qf1 Rexe3 54. Qf6+ Kg8 55. Qd8+ Kh7 56. Kf6 Rf3+ 57. Ke7 Rf4 58. Qxa5 Kg6 59.
Qd2 Rff3 60. a5 Rfc3 61. Qg2+ Kf5 62. Qf2+ Ke4 63. Qh4+ Kd3 64. Kxf7 Rxa5 65.
Kxe6 Kc4 66. Kd7 Ra7+ 67. Kc6 Rca3 0-1

[Event "46th Rilton Cup 2016-17"]
[Site "Stockholm SWE"]
[Date "2017.01.05"]
[Round "9.42"]
[White "Carlsson, Ludvig"]
[Black "Wiander, Michael"]
[Result "0-1"]
[BlackTitle "CM"]
[WhiteElo "2073"]
[BlackElo "2246"]
[WhiteFideId "1727010"]
[BlackFideId "1702580"]
[EventDate "2016.12.27"]

1. e4 Nc6 2. d4 e5 3. Nf3 exd4 4. Nxd4 Qh4 5. Nc3 Bb4 6. Nxc6 Qxe4+ 7. Be2 Bxc3+
8. bxc3 dxc6 9. O-O Qd5 10. Bf4 Nf6 11. Bf3 Qxd1 12. Raxd1 Be6 13. Rb1 O-O-O 14.
Rfe1 Rhe8 15. a4 Bd5 16. Be2 Re4 17. Rb4 Bc4 18. Rxc4 Rxe2 19. Rc1 Rxc2 0-1

[Event "46th Rilton Cup 2016-17"]
[Site "Stockholm SWE"]
[Date "2017.01.05"]
[Round "9.43"]
[White "Pranav, Anand"]
[Black "Crevatin, Leo"]
[Result "1-0"]
[WhiteElo "2230"]
[BlackElo "1973"]
[WhiteFideId "46626786"]
[BlackFideId "1726307"]
[EventDate "2016.12.27"]

1. e4 c5 2. Nf3 Nc6 3. Bb5 g6 4. Bxc6 dxc6 5. d3 Bg7 6. h3 Nf6 7. Nc3 O-O 8. Be3
b6 9. Qd2 Be6 10. Ng5 Qd7 11. O-O-O Rfd8 12. f4 h6 13. Nf3 c4 14. g4 cxd3 15.
cxd3 Nxg4 16. hxg4 Bxg4 17. Rhf1 b5 18. Ne2 a5 19. Nh2 Bxe2 20. Qxe2 a4 21. f5
a3 22. b3 c5 23. Ng4 g5 24. Qh2 c4 25. Nxh6+ Kf8 26. Qh5 1-0

[Event "46th Rilton Cup 2016-17"]
[Site "Stockholm SWE"]
[Date "2017.01.05"]
[Round "9.44"]
[White "Ask, Josef"]
[Black "Hallman, Valo"]
[Result "1-0"]
[WhiteElo "2201"]
[BlackElo "2098"]
[WhiteFideId "1704583"]
[BlackFideId "508098"]
[EventDate "2016.12.27"]

1. e4 c5 2. d4 cxd4 3. c3 g6 4. Bc4 Bg7 5. Nf3 d6 6. cxd4 Nf6 7. Nc3 O-O 8. e5
dxe5 9. Nxe5 Nbd7 10. f4 Nb6 11. Bb3 Nbd5 12. Qf3 Be6 13. g4 Nxc3 14. Bxe6 fxe6
15. bxc3 Nd5 16. Rb1 Rc8 17. Bd2 Bh6 18. g5 Bxg5 19. Qg4 Bxf4 20. Nxg6 Bxd2+ 21.
Kxd2 hxg6 22. Qxg6+ Kh8 23. Qh6+ Kg8 24. Rhg1+ Kf7 25. Qg6# 1-0

[Event "46th Rilton Cup 2016-17"]
[Site "Stockholm SWE"]
[Date "2017.01.05"]
[Round "9.45"]
[White "Sorensen, Hampus"]
[Black "Grueso Cordoba, Santiago"]
[Result "1-0"]
[WhiteElo "2040"]
[BlackElo "2171"]
[WhiteFideId "8703884"]
[BlackFideId "1723529"]
[EventDate "2016.12.27"]

1. d4 Nf6 2. c4 e6 3. Nf3 b6 4. a3 d5 5. Nc3 Bb7 6. cxd5 exd5 7. g3 c6 8. Bg2
Bd6 9. O-O Nbd7 10. Bf4 Qb8 11. Qd2 O-O 12. Rac1 Re8 13. Rfe1 a5 14. Bxd6 Qxd6
15. Qf4 Qb8 16. Qxb8 Raxb8 17. e3 c5 18. Nd2 Ba8 19. Bf1 Nf8 20. Bb5 Red8 21.
Nb3 Ne6 22. a4 Rd6 23. Red1 Bc6 24. Bxc6 Rxc6 25. e4 cxd4 26. exd5 Rc4 27. dxe6
dxc3 28. Rxc3 Rxa4 29. exf7+ Kxf7 30. Rc7+ Kg6 31. Nc1 Re8 32. Nd3 h6 33. Nf4+
Kh7 34. Kg2 Rb4 35. Rd6 Kg8 36. Ne6 Nh5 37. Nxg7 Nxg7 38. Rg6 Re2 39. Rgxg7+ Kf8
40. Rh7 Kg8 41. Rhg7+ Kf8 42. Rgf7+ Ke8 43. Rh7 Kd8 44. Ra7 Rc4 45. Ra8+ Rc8 46.
Rh8+ 1-0

[Event "46th Rilton Cup 2016-17"]
[Site "Stockholm SWE"]
[Date "2017.01.05"]
[Round "9.46"]
[White "Svorono, Gabriel"]
[Black "Petersson, Baldur Teodor"]
[Result "0-1"]
[WhiteElo "2094"]
[BlackElo "2074"]
[WhiteFideId "1715623"]
[BlackFideId "2309157"]
[EventDate "2016.12.27"]

1. e4 c5 2. Nf3 e6 3. d4 cxd4 4. Nxd4 a6 5. Bd3 Bc5 6. Nb3 Be7 7. Qg4 g6 8. O-O
d6 9. Nc3 Nd7 10. Qe2 Qc7 11. f4 Ngf6 12. Bd2 b6 13. Rae1 Bb7 14. e5 Nd5 15.
Nxd5 Bxd5 16. c4 Bb7 17. Kh1 O-O 18. Nd4 Bh4 19. Bb4 Nc5 20. Rd1 dxe5 21. Qxe5
Qxe5 22. fxe5 Nxd3 23. Rxd3 Rfd8 24. Rfd1 Be4 25. Rh3 Bc2 26. Rd2 Be1 27. Rxc2
Bxb4 28. Rh4 f5 29. exf6 e5 30. f7+ Kxf7 31. Rf2+ Kg8 0-1

[Event "46th Rilton Cup 2016-17"]
[Site "Stockholm SWE"]
[Date "2017.01.05"]
[Round "9.47"]
[White "Henderson de La Fuente, Andrea"]
[Black "Cramling Bellon, Anna"]
[Result "1-0"]
[WhiteElo "2019"]
[BlackElo "1970"]
[WhiteFideId "32096577"]
[BlackFideId "32009232"]
[EventDate "2016.12.27"]

1. e4 c5 2. Nf3 d6 3. Bd3 Nc6 4. c3 e5 5. Bc2 Bg4 6. h3 Bh5 7. g4 Bg6 8. d3 Be7
9. Be3 Qc7 10. a4 O-O-O 11. Bb3 Nf6 12. Bd5 Nxd5 13. exd5 Nb8 14. Na3 Nd7 15. a5
Nf6 16. c4 e4 17. Nb5 Qb8 18. a6 b6 19. Nh4 exd3 20. Nxg6 hxg6 21. b4 Ne8 22.
bxc5 dxc5 23. Qxd3 Nd6 24. Bf4 Qa8 25. Nc3 Rhe8 26. O-O Bf6 27. Bxd6 Rxd6 28.
Nb5 Rd7 29. Rfe1 Rxe1+ 30. Rxe1 Re7 31. Rxe7 Bxe7 32. Qg3 Bd8 33. Qf4 f6 34. Qd6
g5 35. Qe6+ Kb8 36. Qd7 1-0